<?xml version="1.0" encoding="UTF-8"?><?xml-stylesheet type="text/xsl" href="static/style.xsl"?><OAI-PMH xmlns="http://www.openarchives.org/OAI/2.0/" xmlns:xsi="http://www.w3.org/2001/XMLSchema-instance" xsi:schemaLocation="http://www.openarchives.org/OAI/2.0/ http://www.openarchives.org/OAI/2.0/OAI-PMH.xsd"><responseDate>2026-04-13T00:12:55Z</responseDate><request verb="GetRecord" identifier="oai:www.recercat.cat:2099.1/15256" metadataPrefix="marc">https://recercat.cat/oai/request</request><GetRecord><record><header><identifier>oai:recercat.cat:2099.1/15256</identifier><datestamp>2025-07-22T15:34:17Z</datestamp><setSpec>com_2072_1033</setSpec><setSpec>col_2072_452951</setSpec></header><metadata><record xmlns="http://www.loc.gov/MARC21/slim" xmlns:dcterms="http://purl.org/dc/terms/" xmlns:xsi="http://www.w3.org/2001/XMLSchema-instance" xmlns:doc="http://www.lyncode.com/xoai" xsi:schemaLocation="http://www.loc.gov/MARC21/slim http://www.loc.gov/standards/marcxml/schema/MARC21slim.xsd">
   <leader>00925njm 22002777a 4500</leader>
   <datafield ind2=" " ind1=" " tag="042">
      <subfield code="a">dc</subfield>
   </datafield>
   <datafield ind2=" " ind1=" " tag="720">
      <subfield code="a">Rivero Alfonso, Daniel</subfield>
      <subfield code="e">author</subfield>
   </datafield>
   <datafield ind2=" " ind1=" " tag="260">
      <subfield code="c">2012-04-18</subfield>
   </datafield>
   <datafield ind2=" " ind1=" " tag="520">
      <subfield code="a">Super&#xd;
Resolution&#xd;
has&#xd;
been&#xd;
one&#xd;
of&#xd;
the&#xd;
main&#xd;
topics&#xd;
of&#xd;
research&#xd;
in&#xd;
Image&#xd;
Processing&#xd;
in&#xd;
the&#xd;
last&#xd;
twenty&#xd;
years.&#xd;
Different&#xd;
authors&#xd;
have&#xd;
presented&#xd;
a&#xd;
vast&#xd;
amount&#xd;
of&#xd;
different&#xd;
techniques&#xd;
and&#xd;
approaches.&#xd;
Nowadays&#xd;
reconstruction-­‐based&#xd;
Super&#xd;
Resolution&#xd;
works&#xd;
effectively&#xd;
for&#xd;
synthetic&#xd;
data&#xd;
but&#xd;
practical&#xd;
problems&#xd;
appear&#xd;
in&#xd;
real&#xd;
scenarios&#xd;
with&#xd;
objects&#xd;
moving&#xd;
with&#xd;
arbitrary&#xd;
speeds&#xd;
and&#xd;
directions&#xd;
within&#xd;
the&#xd;
scene.&#xd;
With&#xd;
our&#xd;
work,&#xd;
we&#xd;
present&#xd;
a&#xd;
review&#xd;
of&#xd;
the&#xd;
state-­‐of-­‐the-­‐art&#xd;
in&#xd;
reconstruction-­‐based&#xd;
Super&#xd;
Resolution,&#xd;
we&#xd;
make&#xd;
contributions&#xd;
to&#xd;
the&#xd;
involved&#xd;
stages&#xd;
(registration,&#xd;
reconstruction&#xd;
and&#xd;
restoration)&#xd;
and&#xd;
finally,&#xd;
we&#xd;
introduce&#xd;
some&#xd;
initial&#xd;
ideas&#xd;
for&#xd;
future&#xd;
work&#xd;
leading&#xd;
to&#xd;
effective&#xd;
Super&#xd;
Resolution&#xd;
even&#xd;
in&#xd;
sequences&#xd;
with&#xd;
highly&#xd;
complex&#xd;
motion.</subfield>
   </datafield>
   <datafield ind2=" " ind1=" " tag="520">
      <subfield code="a">[ANGLÈS] Use of the inpainting technique to reconstruct an image after applying registration in the multi-frames input. Use of restoration methods to increment the resolution of the reconstructed image.</subfield>
   </datafield>
   <datafield ind2=" " ind1=" " tag="520">
      <subfield code="a">[CASTELLÀ] Aplicación del método inpainting para reconstrucción después de haber obtenido el registro de las múltiples imágenes de entrada. Aplicación de técnicas de restauración para incrementar la resolución de la imagen reconstruida.</subfield>
   </datafield>
   <datafield ind2=" " ind1=" " tag="520">
      <subfield code="a">[CATALÀ] Aplicació del mètode inpainting per reconstrucció després d'haver obtingut el registre de les múltiples imatges d'entrada. Aplicació de tècniques de restauració per incrementar la resolució de la imatge reconstruïda.</subfield>
   </datafield>
   <datafield tag="653" ind2=" " ind1=" ">
      <subfield code="a">Àrees temàtiques de la UPC::Enginyeria de la telecomunicació::Processament del senyal::Processament de la imatge i del senyal vídeo</subfield>
   </datafield>
   <datafield tag="653" ind2=" " ind1=" ">
      <subfield code="a">Image processing--Digital techniques</subfield>
   </datafield>
   <datafield tag="653" ind2=" " ind1=" ">
      <subfield code="a">Digital video</subfield>
   </datafield>
   <datafield tag="653" ind2=" " ind1=" ">
      <subfield code="a">SuperResolution</subfield>
   </datafield>
   <datafield tag="653" ind2=" " ind1=" ">
      <subfield code="a">Inpainting</subfield>
   </datafield>
   <datafield tag="653" ind2=" " ind1=" ">
      <subfield code="a">Deblurring</subfield>
   </datafield>
   <datafield tag="653" ind2=" " ind1=" ">
      <subfield code="a">Denoising</subfield>
   </datafield>
   <datafield tag="653" ind2=" " ind1=" ">
      <subfield code="a">Imatges</subfield>
   </datafield>
   <datafield tag="653" ind2=" " ind1=" ">
      <subfield code="a">Processament</subfield>
   </datafield>
   <datafield tag="653" ind2=" " ind1=" ">
      <subfield code="a">Imatges--Processament--Tècniques digitals</subfield>
   </datafield>
   <datafield tag="653" ind2=" " ind1=" ">
      <subfield code="a">Vídeo digital</subfield>
   </datafield>
   <datafield ind2="0" ind1="0" tag="245">
      <subfield code="a">Image reconstruction and restoration for optical flow-based super resolution</subfield>
   </datafield>
   <datafield ind2="0" ind1="0" tag="245">
      <subfield code="a">Reconstrucció i restauració d'imatge per a súper resolució basada en flux òptic</subfield>
   </datafield>
   <datafield ind2="0" ind1="0" tag="245">
      <subfield code="a">Reconstrucción y restauración de imagen para súper resolución basada en flujo óptico</subfield>
   </datafield>
</record></metadata></record></GetRecord></OAI-PMH>